ARRUPE JESUIT UNIVERSITY

CORONAVIRUS -STOP THE SPREAD - CLEAN,DISINFECT,COVER

Jesus, Paul and the people of God : (Record no. 125074)

MARC details
000 -LEADER
fixed length control field 02469cam a2200373 a 4500
001 - CONTROL NUMBER
control field 8595109
003 - CONTROL NUMBER IDENTIFIER
control field ARRUPE
005 - DATE AND TIME OF LATEST TRANSACTION
control field 20160823110959.0
008 - FIXED-LENGTH DATA ELEMENTS--GENERAL INFORMATION
fixed length control field 100923s2011 ilu b 001 0 eng
010 ## - LIBRARY OF CONGRESS CONTROL NUMBER
LC control number 2010040598
020 ## - INTERNATIONAL STANDARD BOOK NUMBER
International Standard Book Number 9780830838974 (pbk. : alk. paper)
020 ## - INTERNATIONAL STANDARD BOOK NUMBER
International Standard Book Number 083083897X (pbk. : alk. paper)
024 ## - OTHER STANDARD IDENTIFIER
Standard number or code 99942280201
035 ## - SYSTEM CONTROL NUMBER
System control number (OCoLC)666492764
035 ## - SYSTEM CONTROL NUMBER
System control number (OCoLC)ocn666492764
035 ## - SYSTEM CONTROL NUMBER
System control number (NNC)8595109
040 ## - CATALOGING SOURCE
Original cataloging agency DLC
Transcribing agency DLC
Modifying agency YDX
-- YDXCP
-- LNT
050 00 - LIBRARY OF CONGRESS CALL NUMBER
Classification number BT198
Item number .J476 2011
082 00 - DEWEY DECIMAL CLASSIFICATION NUMBER
Classification number 232.9/08
Edition number 22
300 ## - PHYSICAL DESCRIPTION
Dimensions 23 cm.
245 00 - TITLE STATEMENT
Title Jesus, Paul and the people of God :
Remainder of title a theological dialogue with N. T. Wright /
Statement of responsibility, etc edited by Nicholas Perrin and Richard B. Hays.
260 ## - PUBLICATION, DISTRIBUTION, ETC. (IMPRINT)
Place of publication, distribution, etc Downers Grove, Ill. :
Name of publisher, distributor, etc IVP Academic,
Date of publication, distribution, etc c2011.
300 ## - PHYSICAL DESCRIPTION
Extent 294 p. ;
504 ## - BIBLIOGRAPHY, ETC. NOTE
Bibliography, etc Includes bibliographical references and indexes.
505 0# - FORMATTED CONTENTS NOTE
Formatted contents note Pt. 1. Jesus and the people of God. Jesus and the victory of God meets the gospel of John / Marianne Meye Thompson -- N.T. Wright's response -- Knowing Jesus : story, history and the question of truth / Richard B. Hays -- N.T. Wright's response -- "Outside of a small circle of friends" : Jesus and the justice of God / Sylvia C. Keesmaat and Brian J. Walsh -- N.T. Wright's response -- Jesus' eschatology and kingdom ethics : ever the twain shall meet / Nicholas Perrin -- N.T. Wright's response -- Whence and whither historical Jesus studies in the life of the church? / N.T. Wright -- Pt. 2. Paul and the people of God. Glimpsing the glory : Paul's gospel, righteousness and the beautiful feet of N.T. Wright / Edith M. Humphrey -- N.T. Wright's response -- The shape of things to come? : Wright amidst emerging ecclesiologies / Jeremy S. Begbie -- N.T. Wright's response -- Did St. Paul go to heaven when he died? / Markus Bockmuehl -- N.T. Wright's response -- Wrighting the wrongs of the Reformation? : the state of the union with Christ in St. Paul and Protestant soteriology / Kevin J. Vanhoozer -- N.T. Wright's response -- Whence and whither Pauline studies in the life of the church? / N.T. Wright.
600 00 - SUBJECT ADDED ENTRY--PERSONAL NAME
Personal name Jesus Christ
General subdivision History of doctrines
Chronological subdivision 20th century.
9 (RLIN) 11963
600 00 - SUBJECT ADDED ENTRY--PERSONAL NAME
Personal name Paul,
Titles and other words associated with a name the Apostle, Saint.
9 (RLIN) 25300
600 10 - SUBJECT ADDED ENTRY--PERSONAL NAME
Personal name Wright, N. T.
Fuller form of name (Nicholas Thomas)
9 (RLIN) 2555
700 1# - ADDED ENTRY--PERSONAL NAME
Personal name Perrin, Nicholas.
9 (RLIN) 25301
700 1# - ADDED ENTRY--PERSONAL NAME
Personal name Hays, Richard B.
9 (RLIN) 25302
700 1# - ADDED ENTRY--PERSONAL NAME
Personal name Wright, N. T.
Fuller form of name (Nicholas Thomas)
9 (RLIN) 2555
942 ## - ADDED ENTRY ELEMENTS (KOHA)
Source of classification or shelving scheme Library of Congress Classification
Koha item type Monograph ( Printed materials)
948 1# - LOCAL PROCESSING INFORMATION (OCLC); SERIES PART DESIGNATOR (RLIN)
Series part designator, SPT (RLIN) 20110407
b (OCLC) c
c (OCLC) sl13
d (OCLC) MPS
Holdings
Withdrawn status Lost status Source of classification or shelving scheme Damaged status Not for loan Collection code Home library Current library Shelving location Date acquired Total Checkouts Full call number Barcode Date last seen Date checked out Price effective from Koha item type
    Library of Congress Classification     Main Collection ARRUPE LIBRARY ARRUPE LIBRARY Main Collection 23/08/2016 2 BT198 .J476 2010 46500010302 30/06/2021 24/06/2021 23/08/2016 Monograph ( Printed materials)

 

Arrupe Library. PO Box MP320 Mt Pleasant, Harare, Zimbabwe
263 242 745411|librarian@aju.ac.zw